Statistics for Top 50 largest countries

Click here to take the quiz!

General Stats

  • This quiz has been taken 4,359 times
  • The average score is 37 of 50

Answer Stats

RankCountry% Correct
2Canada
99%
1Russia
99%
4United States
99%
3China
98%
5Brazil
97%
7India
95%
6Australia
94%
8Argentina
93%
13Mexico
90%
10Algeria
89%
14Indonesia
85%
12Saudi Arabia
85%
18Mongolia
84%
24South Africa
84%
17Iran
83%
29Egypt
82%
40France
82%
45Ukraine
81%
9Kazakhstan
80%
16Libya
79%
21Niger
79%
34Pakistan
79%
19Peru
79%
15Sudan
79%
36Turkey
76%
20Chad
75%
37Chile
75%
11DR. Congo
75%
25Colombia
74%
31Nigeria
73%
26Ethiopia
71%
23Mali
70%
32Venezuela
69%
22Angola
68%
27Bolivia
65%
33Namibia
63%
30Tanzania
61%
41Afghanistan
59%
28Mauritania
59%
35Mozambique
59%
50Thailand
59%
48Kenya
57%
42Somalia
56%
39Burma
54%
47Madagascar
53%
44South Sudan
53%
46Botswana
52%
38Zambia
52%
43CAR
50%
49Yemen
41%

Score Distribution

Percentile by Number Answered

Percent of People with Each Score

Your Score History

You have not taken this quiz